Guess The Brand! #25 - Statistics

General Stats
  • This quiz has been taken 37 times
    14 since last reset
  • The average score is 26 of 71
Answer Stats
Picture Answer % Correct
Disney Channel
86%
Snapchat
86%
HBO Max
71%
Oscars
71%
CIBC
64%
Disneyland
64%
Pokemon GO
64%
USA
64%
Grammy
57%
Guns N Roses
57%
Las Vegas
57%
Leap Frog
57%
Plants Vs Zombies
57%
Emmy
50%
Iron Maiden
50%
Spurs
50%
Vine
50%
Epson
43%
Halls
43%
Hunter
43%
Led Zeppelin
43%
Lenovo
43%
Moet & Chandon
43%
PDF
43%
Amstel
36%
Fruit Loops
36%
Google TV
36%
Mclaren
36%
United Health
36%
Victorias Secret
36%
Alexa
29%
Bad Piggies
29%
Better Business Bureau
29%
Bon Jovi
29%
Boy Scouts
29%
DareDevil
29%
Emerson
29%
Evertons
29%
Fischer
29%
Golden Globes
29%
Hennessy
29%
Inkscape
29%
Krita
29%
Little Tikes
29%
Mccain
29%
Parker Brothers
29%
Sisley
29%
Sol
29%
Surface
29%
Tristar
29%
Agfa
21%
Alpine
21%
Alpinestars
21%
Arai
21%
BABOR
21%
Case Logic
21%
Claro
21%
Comcast
21%
Commodore
21%
FSC
21%
Hendricks
21%
HTML 5
21%
Kenya Airways
21%
National Bank
21%
Nikita
21%
Packard Bell
21%
Rockport
21%
Specialized
21%
Sunsilk
21%
Tesa
21%
Tuenti
21%
No matching quizzes found
Score Distribution
Percent of People with Each Score
Percentile by Number Answered
Your Score History
You have not taken this quiz since the last reset